Statistics for Artists names letter jumble

Click here to take the quiz!

General Stats

  • This quiz has been taken 14 times
  • The average score is 11 of 15

Answer Stats

Hint (Song)Jumbled VersionReal Version% Correct
Boy With LuvSBTBTS
100%
Lose YourselfInememEminem
100%
After HoursHet NedwekThe Weeknd
93%
New RulesUad ApliDua Lipa
86%
2stepDe NarheesEd Sheeran
79%
RobberyEicuj LDWRJuice WRLD
79%
BetterAlkhdiKhalid
79%
Every Chance I GetJD LehadkDJ Khaled
71%
Hold OnSijtun RebibeJustin Bieber
71%
Without MeYalhesHalsey
64%
CongratulationsSpot OlemanPost Malone
64%
Always DoHet Kdi IloraThe Kid Laroi
64%
ParadisePalcodylColdplay
57%
Taki TakiJD KenasDJ Snake
50%
Repeat ItLLi EctacLil Tecca
36%

Score Distribution

Percentile by Number Answered

Percent of People with Each Score

Your Score History

You have not taken this quiz